TV Debuts: 1994 Quiz Stats

Quiz Updated Oct 19, 2017

Also try: TV Debuts: 1995
Challenge
Share
Tweet
Score 0/15 Timer 05:00
1 Play Today
Hint Answer % Correct
Friends
98.2%
ER
88.8%
Ellen
79.5%
Sister Sister
68.1%
The Magic School Bus
60.9%
Party of Five
49.7%
Touched by an Angel
43.8%
My So-Called Life
42%
Hint Answer % Correct
The Critic
33.1%
All That
29.8%
Aaahh!!! Real Monsters
28.7%
Chicago Hope
23.2%
Babylon 5
15.7%
Extra
13.9%
Due South
12.8%

You're not logged in!

Compare scores with friends on all Sporcle quizzes.
Join for Free
OR
Log In

You Might Also Like...

Show Comments

Extras

Top Quizzes Today


Score Distribution

Your Account Isn't Verified!

In order to create a playlist on Sporcle, you need to verify the email address you used during registration. Go to your Sporcle Settings to finish the process.

Report this User

Report this user for behavior that violates our Community Guidelines.

Details: